Heat How To Stop The Planet Burning (Record no. 317841)

MARC details
000 -LEADER
fixed length control field 00415nam a2200157Ia 4500
008 - FIXED-LENGTH DATA ELEMENTS--GENERAL INFORMATION
fixed length control field 230718s9999 xx 000 0 und d
041 ## - LANGUAGE CODE
Language code of text/sound track or separate title eng
082 ## - DEWEY DECIMAL CLASSIFICATION NUMBER
Classification number 363.738745
Item number MON
100 ## - MAIN ENTRY--PERSONAL NAME
Personal name Monbiot George.
9 (RLIN) 145489
245 ## - TITLE STATEMENT
Title Heat How To Stop The Planet Burning
260 ## - PUBLICATION, DISTRIBUTION, ETC. (IMPRINT)
Name of publisher, distributor, etc. Penguin Book
300 ## - PHYSICAL DESCRIPTION
Extent 279
365 ## - TRADE PRICE
Currency code Rs.
Price amount 280.00
700 ## - ADDED ENTRY--PERSONAL NAME
Personal name Monbiot George.
9 (RLIN) 145489
906 ## - LOCAL DATA ELEMENT F, LDF (RLIN)
d B:224518-Oct-2007
c MECH
b 56
Holdings
Withdrawn status Lost status Damaged status Not for loan Home library Current library Date acquired Vendor Budget Code Cost, normal purchase price Bill number Total Checkouts Full call number Barcode Date last seen Discount Cost, replacement price Bill Date Koha item type Original Barcode
        Cummins College of Engineering for Women Pune Cummins College of Engineering for Women Pune 29/11/2007 Tbs MECH 224.00 2245   363.738745 CCEP-BK-29048 18/07/2023 56 280.00 18/10/2007 Books 029048